[Event "BIH-chT (Women)"]
[Site "Vogosca"]
[Date "2007.06.08"]
[Round "7"]
[White "Dedijer, Mira"]
[Black "Sulc, Gordana"]
[Result "0-1"]
[WhiteElo "1976"]
[BlackElo "2039"]
[PlyCount "78"]
[EventDate "2007.06.02"]
[EventType "team"]
[EventRounds "7"]
[EventCountry "BIH"]
[SourceTitle "EXT 2008"]
[Source "ChessBase"]
[SourceDate "2007.11.25"]
[SourceVersion "1"]
[SourceVersionDate "2007.11.25"]
[SourceQuality "1"]

1. e4 c5 2. d3 d6 3. g3 Nc6 4. c3 Nf6 5. Bg2 e5 6. f4 Bg4 7. Nf3 Be7 8. h3 Bxf3 9. Qxf3 exf4 10. Bxf4 0-0 11. 0-0 Nd7 12. Na3 Nde5 13. Qe2 Bf6 14. Nc2 Ng6 15. Bc1 Be5 16. Qf2 Qf6 17. Bf3 Nge7 18. Kg2 b5 19. Be3 Qg6 20. d4 cxd4 21. Nxd4 Rab8 22. Rad1 b4 23. c4 Nxd4 24. Bxd4 Bxd4 25. Qxd4 Rb6 26. Rd2 h5 27. e5 Nf5 28. Qf2 Nh4+ 29. Kh2 Nxf3+ 30. Qxf3 dxe5 31. Rd7 Rf6 32. Qe2 Rxf1 33. Qxf1 Qc2+ 34. Kh1 a5 35. Ra7 a4 36. Qg2 Qxc4 37. Rxa4 e4 38. Ra7 Rd8 39. h4 Qc1+ 0-1

[Event "BIH-ch (Women)"]
[Site "Sarajevo"]
[Date "2007.01.25"]
[Round "6"]
[White "Dengler, Dijana"]
[Black "Dedijer, Mira"]
[Result "0-1"]
[WhiteElo "2116"]
[BlackElo "1961"]
[PlyCount "158"]
[EventDate "2007.01.21"]
[EventType "tourn"]
[EventRounds "9"]
[EventCountry "BIH"]
[SourceTitle "EXT 2019"]
[Source "ChessBase"]
[SourceDate "2018.10.10"]
[SourceVersion "1"]
[SourceVersionDate "2018.10.10"]
[SourceQuality "1"]

1. d4 d5 2. Nf3 Nf6 3. e3 c5 4. Bd3 Nc6 5. b3 Qc7 6. Bb2 Bg4 7. h3 Bh5 8. Nbd2 cxd4 9. exd4 e6 10. a3 a6 11. 0-0 Bd6 12. Qe1 Nd7 13. c4 dxc4 14. bxc4 0-0 15. Rb1 Rfd8 16. Ng5 Bg6 17. Bxg6 hxg6 18. Qe4 Bf4 19. Ndf3 Nf6 20. Qd3 Ne5 21. Nxe5 Bxe5 22. Nf3 Bf4 23. Bc1 Rac8 24. Bxf4 Qxf4 25. Qb3 Rc7 26. Rfe1 Ne4 27. Rbd1 Ng5 28. Ne5 Ne4 29. Nf3 Ng5 30. Ne5 Ne4 31. Rf1 Nd2 32. Qb6 Rdc8 33. Rfe1 Nxc4 34. Nxc4 Rxc4 35. Qxb7 Rc2 36. Rf1 Qd6 37. Rd3 Qc6 38. Qa7 Rc7 39. Qb8+ Rc8 40. Qa7 Ra8 41. Qe7 Qe4 42. Rf3 Rf8 43. Qa7 Qa8 44. Qd7 Qc8 45. Qe7 Qc7 46. Qg5 Rc8 47. d5 exd5 48. Qxd5 Rc3 49. Rd1 Rxf3 50. Qxf3 Qc3 51. Rd3 Qe1+ 52. Kh2 Qe5+ 53. Qg3 Qxg3+ 54. Kxg3 Kf8 55. Re3 Rc4 56. Kf3 Ra4 57. Ke2 f5 58. Kd2 Kf7 59. Kc2 Kf6 60. Kb3 Rf4 61. Re2 g5 62. g3 Rf3+ 63. Kb4 f4 64. gxf4 gxf4 65. a4 Rxh3 66. Ka5 Ra3 67. Rb2 Kf5 68. Rb4 Ra2 69. Kxa6 Rxf2 70. Kb7 g5 71. a5 Ra2 72. Rb5+ Kg4 73. a6 f3 74. Rb6 f2 75. Rf6 Kg3 76. a7 Rxa7+ 77. Kxa7 g4 78. Kb6 Kg2 79. Rf4 g3 0-1